LEADER 01268nam a2200277 i 4500 001 000000175414 003 CaOOAMICUS 005 20190628103041.0 008 081120s1969 it u000 u ita u 013 $a152894 040 $aSeMil$bita 100 1 $aLorimier, Jacques : de .$0(OLS)http://semarc/name/65429 240 13$aLe project de vie de l'adolescent.$0(OLS)http://semarc/title/251592 245 10$aProgetto di vita nell'adolescente :$bl'identità personale nella propria vocazione /$cJacques de Lorimier. 260 $aTorino-Leumann :$bElle Di Ci,$cstampa 1969. 300 $a415 p. ;$c22 cm. 490 0 $aPastorale giovanile. Studi ;$v4 500 $aDono di don Romano Martinelli. 650 4$aAdolescenti - Psicologia.$0(OLS)http://semarc/subject/8605 830 0$aPastorale giovanile. Studi ;$v4.$0(OLS)http://semarc/title/22380 850 $aSeMil 852 $aSeMil$W1$xVenegono$y1$m2O III 382$j126236$B126236$CSeMilBibl$Z2$F137438 $81 961 $aOmaggio: Martinelli don Romano 996 $6245$aProgetto di vita nell'adolescente :$bl'identità personale nella propria vocazione$9(OLS)http://semarc/title/251591 996 $6260$aTorino-Leumann :$bElle Di Ci$9(OLS)http://semarc/publisher/30113 LEADER 01245nam a2200289 i 4500 001 000000245240 003 CaOOAMICUS 005 20150930000000.0 008 150930s1944 it u000 u ita u 013 $a224145 040 $aSeMil$bita 100 1 $aCastiglioni, Carlo,$c.$0(OLS)http://semarc/name/9678 245 12$aI santi Arialdo ed Erlembaldo e la Pataria /$cCarlo Castiglioni. 260 $aMilano :$bPerinetti Casoni,$cstampa 1944. 300 $a294 p. ;$c17 cm. 490 0 $aI grandi santi della Chiesa 500 $aContiene : Nota Bibliografica. - Fondo card. Giovanni Colombo. 600 04$aArialdo .$0(OLS)http://semarc/subject/2592 650 4$aPataria.$0(OLS)http://semarc/subject/11335 650 4$aErlembaldo .$0(OLS)http://semarc/subject/18613 830 2$aI grandi santi della Chiesa.$0(OLS)http://semarc/title/13640 850 $aSeMil 852 $aSeMil$W1$xVenegono$y1$m3GC II 373$j195586$B195586$CSeMilBibl$Z2$F206269 $8B 941 1 $a3 961 $aLascito: Colombo Card. Giovanni 996 $6245$aI santi Arialdo ed Erlembaldo e la Pataria$9(OLS)http://semarc/title/131242 996 $6260$aMilano :$bPerinetti Casoni$9(OLS)http://semarc/publisher/31747